Analýza vnímania značky Nike bakalárska práca

Enregistré dans:
Détails bibliographiques
Auteur principal: Vojtová, Veronika
Collectivité auteur: Obchodná fakulta EU. Katedra marketingu
Autres auteurs: Lukačovičová, Zuzana
Format: Livre
Langue:slovaque
Publié: Bratislava 2009
Tags: Ajouter un tag
Pas de tags, Soyez le premier à ajouter un tag!

MARC

LEADER 00000nam$a2200000$$$4500
001 0099979
005 20240318135320.2
041 0 |a slo 
044 |a SK 
245 1 0 |a Analýza vnímania značky Nike  |b bakalárska práca  |c Veronika Vojtová ; škol. Zuzana Lukačovičová 
264 1 |a Bratislava  |c 2009 
300 |a 55 s. 
100 1 |a Vojtová, Veronika 
700 1 |a Lukačovičová, Zuzana 
710 2 |a Obchodná fakulta EU. Katedra marketingu